000 00400nam a22001697a 4500
003 CO-ViMGA
005 20230915225009.0
008 150604b xxu||||| |||| 00| 0 eng d
020 _a9789588841106
040 _aCO-ViMGA
_bspa
_cCO-ViMGA
090 _bA CAR25
100 1 _4CARRASCO MARTA
245 1 0 _aLA OTRA ORILLA
650 1 4 _2LIBRO ALBUM INFANTIL
700 1 _4URIBE VERONICA
942 _2ddc
_cBK
999 _c52
_d52